000 00378cam a2200157ua 4500
041 _aeng
_h
082 _a828.09
_bSNE/AG
100 _aSnell E J, .
245 _aAge of transtion 1400-1580 /
_cSnell.
_hTextual Documents
250 _a1 /
_b.
260 _aLendon :
_bG Bell and Sons Ltd ,
_c1931.
300 _a167 ; .
504 _a
942 _cBK
999 _c2781
_d2781